00334nam a2200133Ia 4500003000400000005001700004008004100021040001800062041000800080100004400088110001900132245002900151260002000180OSt20230526113323.0211028s2017 xx 000 0 und d cAIMIT LIBRARY aeng aNara, Supriya; Mohammed, Riyaz.e151924 aRiyaz Mohammed aActivity automator tool. aMangalorec2017